00992ny a22002173n 450000500170000000800410001703500080005804000090006608000180007524501010009325600240019426000310021830000130024950602800026265000320054265000460057465000520062070000240067274000390069685600390073520240305165322.0050317s2005 sp 000 0 cat d a706 dvLex a352x(460.23)00aIntroducció al Dret local de Catalunyah[Recurso electrónico]cJudith Gifreu i Font (coord.) aServicio en línea aBarcelona :bCedecs,c2005 ap. ;ccm1 aContenido solo disponible en los productos indicadosdvLex GlobaldvLex Global (Academic Edition, excluding Law Schools)dvLex Global (U.S. Academic Edition, Law Schools)dvLex Global (U.S. Academic Edition, excluding Law Schools)dvLex Global (Academic Edition, Law Schools)07aDerecho foral2Tesauro vLex07aDerecho foral de Cataluña2Tesauro vLex07aDerecho foral local de Cataluña2Tesauro vLex1 aGifreu Font, Judith0 avLex Libros (Servicios en línea)40uhttps://app.vlex.com/#/sources/706